000 00599nam a2200193Ia 4500
003 GCL
008 140319s9999 xx 000 0 ara d
040 _aGCL /
_cGCL
082 0 4 _a962.064
_bع م
245 1 0 _aملف عبد الناصر
300 _a128 ص
490 _a
650 0 4 _aالولايات المتحدة الامريكية
650 0 4 _aالناصرية
650 0 4 _aجمال عبدالناصر
650 0 4 _aمصر - تاريخ - العصر الحديث (1805 - 1956 )
650 0 4 _aالمخابرات - الولايات المتحدة الامريكية
942 _2ddc
_cBK
999 _c37954
_d37954